000 00715nam a2200193Ia 4500
999 _c36451
_d36451
003 GCL
005 20240530103041.0
008 140319s9999 xx 000 0 ara d
040 _aGCL /
_cGCL
082 0 4 _a809
_bق/س ا
100 1 _aسليم حسن
245 1 0 _aالادب المصرى القديم او ادب الفراعنة /
_cسليم حسن
_nالجزء الثانى :
_pفى الدراما والشعر وفنونه
260 _a[S.N] :
_bلجنة التأليف والترجمة والنشر ،
_c1945
300 _a238 ص.؛
_c24 سم.
650 0 4 _aالادب المصرى القديم
650 0 4 _aالحضارة الفرعونية
650 0 4 _aالادب والتاريخ
942 _2ddc
_cBK